[Event "UK Armed Forces-ch"]
[Site "Wittering"]
[Date "2023.04.16"]
[Round "5"]
[White "Buckingham, Michael J"]
[Black "McBride, Robert"]
[Result "1/2-1/2"]
[WhiteElo "1567"]
[BlackElo "1350"]
[PlyCount "58"]
[EventDate "2023.04.14"]
[EventType "swiss"]
[EventRounds "7"]
[EventCountry "ENG"]
[SourceTitle "EXT 2024"]
[Source "ChessBase"]
[SourceDate "2023.10.10"]
[SourceVersion "1"]
[SourceVersionDate "2023.10.10"]
[SourceQuality "1"]

1. e4 e5 2. Nf3 Nc6 3. Bc4 Nf6 4. d4 d6 5. dxe5 Nxe4 6. Bxf7+ Kxf7 7. Qd5+ Be6 8. Qxe4 d5 9. Qf4+ Ke8 10. 0-0 Be7 11. Nc3 Rf8 12. Qa4 a6 13. Nd4 b5 14. Nxe6 bxa4 15. Nxd8 Rxd8 16. f4 Nb4 17. Rf2 Bc5 18. Rb1 Nxc2 19. Nxa4 Bxf2+ 20. Kxf2 g5 21. Nc5 Ke7 22. g3 d4 23. Nd3 Rd5 24. Bd2 Ke6 25. Rc1 Ne3 26. Rxc7 Ng4+ 27. Kg2 Ne3+ 28. Kf3 Kf5 29. Bxe3 g4+ 1/2-1/2